Acronyms by letter - S - Statistics

General Stats
  • This quiz has been taken 18 times
  • The average score is 6 of 16
Answer Stats
Hint Answer % Correct
STFU Shut The Fuck Up
88%
STD Sexually Transmitted Disease
81%
SA Sexual Assault
69%
SMH Shaking My Head
63%
STI Sexually Transmitted Infection
44%
SO Significant Other
38%
STG Swear To God
38%
SPF Sun Protection Factor
31%
SSD Solid State Drive
25%
SFX Special Effects
25%
SS Schutzstaffel
19%
SD (card) Secure Digital
19%
SM So Much
19%
SI International System of units
6%
SC Snapchat
6%
SD Standard Deviation
6%
No matching quizzes found
Score Distribution
Percent of People with Each Score
Percentile by Number Answered
Your Score History
You have not taken this quiz